[Event "Macae Sudeste-ch"]
[Site "Macae"]
[Date "2015.05.03"]
[Round "6"]
[White "Neves, Vitor Campos"]
[Black "Mello, Jorge Menezes"]
[Result "0-1"]
[WhiteElo "1800"]
[BlackElo "1800"]
[PlyCount "108"]
[EventDate "2015.05.01"]
[EventType "swiss"]
[EventRounds "6"]
[EventCountry "BRA"]
[SourceTitle "CBM 166 Extra"]
[Source "ChessBase"]
[SourceDate "2015.06.18"]
[SourceVersion "1"]
[SourceVersionDate "2015.06.18"]
[SourceQuality "1"]

1. d4 Nf6 2. c4 g6 3. Nc3 Bg7 4. Bg5 d6 5. Nf3 0-0 6. Qd2 Bf5 7. Bh6 Nbd7 8. Rd1 c5 9. Bxg7 Kxg7 10. Ng5 a6 11. e4 h6 12. exf5 hxg5 13. fxg6 fxg6 14. Qxg5 cxd4 15. Rxd4 Qb6 16. Rh4 Rh8 17. b3 Qb4 18. Kd2 Nc5 19. Bd3 Nxd3 20. Kxd3 d5 21. Nxd5 Nxd5 22. Qe5+ Nf6 23. Rd4 Rad8 24. g4 Rxd4+ 25. Kxd4 Rd8+ 26. Ke3 Qd2+ 27. Kf3 Qd3+ 28. Kg2 Kf7 29. Re1 Qd6 30. Qg5 Qc6+ 31. f3 Qd6 32. Re2 Rh8 33. h3 Qd3 34. Qe5 Qd6 35. Qc3 Rd8 36. Qe3 Rd7 37. f4 Qc6+ 38. Kg3 Qd6 39. Kh4 Rd8 40. Kg3 Qd3 41. Kf2 Qxe3+ 42. Rxe3 Rd2+ 43. Re2 Ne4+ 44. Kf3 Rxe2 45. Kxe2 Nc3+ 46. Kd3 Nxa2 47. Kd4 Nc1 48. b4 Ne2+ 49. Ke3 Nc3 50. Kd4 Nd1 51. Kc5 Nb2 52. b5 a5 53. b6 a4 54. Kb4 a3 0-1

[Event "Macae Sudeste-ch"]
[Site "Macae"]
[Date "2015.05.02"]
[Round "3"]
[White "Neves, Vitor Campos"]
[Black "Frota, Alvaro M"]
[Result "0-1"]
[WhiteElo "1800"]
[BlackElo "1989"]
[PlyCount "52"]
[EventDate "2015.05.01"]
[EventType "swiss"]
[EventRounds "6"]
[EventCountry "BRA"]
[SourceTitle "CBM 166 Extra"]
[Source "ChessBase"]
[SourceDate "2015.06.18"]
[SourceVersion "1"]
[SourceVersionDate "2015.06.18"]
[SourceQuality "1"]

1. d4 Nf6 2. c4 g6 3. Nc3 Bg7 4. e4 d6 5. Be3 0-0 6. Qd2 Ng4 7. Nf3 Nxe3 8. Qxe3 Nc6 9. Be2 e5 10. d5 Nd4 11. Qd2 f5 12. 0-0 fxe4 13. Nxd4 exd4 14. Nxe4 Bf5 15. Ng5 Qf6 16. Rad1 Rae8 17. Nf3 c5 18. dxc6 bxc6 19. Qxd4 Qxd4 20. Nxd4 Bxd4 21. Rxd4 Rxe2 22. Rxd6 Rxb2 23. Rxc6 Rxa2 24. Rc7 Rf7 25. Rxf7 Kxf7 26. Rc1 a5 0-1

[Event "Macae Sudeste-ch"]
[Site "Macae"]
[Date "2015.05.01"]
[Round "2"]
[White "Baeta, Marcio Netto"]
[Black "Neves, Vitor Campos"]
[Result "1-0"]
[WhiteElo "2079"]
[BlackElo "1800"]
[PlyCount "51"]
[EventDate "2015.05.01"]
[EventType "swiss"]
[EventRounds "6"]
[EventCountry "BRA"]
[SourceTitle "CBM 166 Extra"]
[Source "ChessBase"]
[SourceDate "2015.06.18"]
[SourceVersion "1"]
[SourceVersionDate "2015.06.18"]
[SourceQuality "1"]

1. e4 e5 2. Bc4 Nf6 3. d4 Nc6 4. Nf3 d6 5. dxe5 Nxe5 6. Nxe5 dxe5 7. Bxf7+ Ke7 8. Qxd8+ Kxd8 9. Bg5 h6 10. Bh4 Be7 11. Bg6 b6 12. Nc3 Bb7 13. 0-0-0+ Bd6 14. f4 Ke7 15. Rhe1 Rhd8 16. Nd5+ Bxd5 17. exd5 e4 18. g3 Kf8 19. Bxf6 gxf6 20. Rxe4 Kg7 21. Bh5 Rac8 22. Kb1 Bc5 23. Bg4 Rb8 24. Re6 Rd6 25. Re7+ Kg6 26. f5+ 1-0